Теория механизмов и механика машин (Запись № 11337941)

Подробности
000 -МАРКЕР
контрольное поле 02102nam0a2200373 4500
001 - ИДЕНТИФИКАТОР ЗАПИСИ
контрольное поле RU\NLR\BIBL_A\011368617
005 - ИДЕНТИФИКАТОР ВЕРСИИ
контрольное поле 20260406071843.0
010 ## - МЕЖДУНАРОДНЫЙ СТАНДАРТНЫЙ НОМЕР КНИГИ (ISBN)
Номер (ISBN) 9785703841518
Тираж 1100
021 ## - НОМЕР ГОСУДАРСТВЕННОЙ РЕГИСТРАЦИИ
Код страны Российская Федерация
Номер 2017-19123
Номер Листа государственной регистраци 1407
035 ## - ДРУГИЕ СИСТЕМНЫЕ НОМЕРА
Идентификатор записи (RuMoRGB)008827212
035 ## - ДРУГИЕ СИСТЕМНЫЕ НОМЕРА
Идентификатор записи (NLR Aleph) 011368617
100 ## - ДАННЫЕ ОБЩЕЙ ОБРАБОТКИ
Данные общей обработки 20170417d2017 u y0rusy50 ca
101 0# - ЯЗЫК РЕСУРСА
Язык текста, звукозаписи и т.д. русский
102 ## - СТРАНА ПУБЛИКАЦИИ ИЛИ ПРОИЗВОДСТВА
Страна публикации Российская Федерация
105 ## - ПОЛЕ КОДИРОВАННЫХ ДАННЫХ: ТЕКСТОВЫЕ МАТЕРИАЛЫ, МОНОГРАФИЧЕСКИЕ
Кодированные данные о монографическом текстовом документе a|||jzzz001zy
200 1# - ЗАГЛАВИЕ И СВЕДЕНИЯ ОБ ОТВЕТСТВЕННОСТИ
Основное заглавие Теория механизмов и механика машин
Сведения, относящиеся к заглавию учебник для студентов высших учебных заведений, обучающихся по машиностроительным направлениям и специальностям
Первые сведения об ответственности [Г. А. Тимофеев, А. К. Мусатов, С. А. Попов, К. В. Фролов]
Последующие сведения об ответственности под редакцией Г. А. Тимофеева
205 ## - СВЕДЕНИЯ ОБ ИЗДАНИИ
Сведения об издании 8-е изд., перераб. и доп.
210 ## - ПУБЛИКАЦИЯ, РАСПРОСТРАНЕНИЕ И ДР.
Место издания, распространения и т.д. Москва
Имя издателя, распространителя и т. д. Изд-во МГТУ
Дата издания, распространения и т.д. 2017
215 ## - ФИЗИЧЕСКАЯ ХАРАКТЕРИСТИКА
Специфическое обозначение материала и объем 566 с.
Другие сведения о физической характеристике ил.
Размеры 25
225 1# - СЕРИЯ
Основное заглавие серии Terra mechanica
300 ## - ОБЩИЕ ПРИМЕЧАНИЯ
Текст примечания Авт. указаны на обороте тит. л.
320 ## - ПРИМЕЧАНИЯ О НАЛИЧИИ В ДОКУМЕНТЕ БИБЛИОГРАФИИ / УКАЗАТЕЛЯ
Текст примечания Библиогр.: с. 556 (21 назв.)
320 ## - ПРИМЕЧАНИЯ О НАЛИЧИИ В ДОКУМЕНТЕ БИБЛИОГРАФИИ / УКАЗАТЕЛЯ
Текст примечания Предм. указ.: с. 557-561
606 ## - НАИМЕНОВАНИЕ ТЕМЫ КАК ПРЕДМЕТ
Наименование темы Машин и механизмов теория
Формальный подзаголовок Учебники для высших учебных заведений
Системный номер авторитетной/нормативной записи 2086099
Идентификатор авторитетной/нормативной записи RU\NLR\AUTH\661262226
686 1# - ИНДЕКСЫ ДРУГИХ КЛАССИФИКАЦИЙ
Индекс К412я73-1
701 #1 - ИМЯ ЛИЦА - АЛЬТЕРНАТИВНАЯ ОТВЕТСТВЕННОСТЬ
Графика поля Кириллица
Материалы, к которым относится поле rus
Начальный элемент ввода Тимофеев
Часть имени, кроме начального элемента ввода Г. А.
Дополнения к именам, кроме дат д-р техн. наук
Даты 1944-
Расширение инициалов личного имени Геннадий Алексеевич
Системный номер авторитетной/нормативной записи 116033
Идентификатор авторитетной/нормативной записи RU\NLR\AUTH\776078
701 #1 - ИМЯ ЛИЦА - АЛЬТЕРНАТИВНАЯ ОТВЕТСТВЕННОСТЬ
Начальный элемент ввода Мусатов
Часть имени, кроме начального элемента ввода А. К.
Расширение инициалов личного имени Александр Константинович
701 #1 - ИМЯ ЛИЦА - АЛЬТЕРНАТИВНАЯ ОТВЕТСТВЕННОСТЬ
Графика поля Кириллица
Материалы, к которым относится поле rus
Начальный элемент ввода Попов
Часть имени, кроме начального элемента ввода С. А.
Дополнения к именам, кроме дат канд. техн. наук, абразивная обработка
Даты 1922-
Расширение инициалов личного имени Сергей Александрович
Системный номер авторитетной/нормативной записи 116035
Идентификатор авторитетной/нормативной записи RU\NLR\AUTH\776080
701 #1 - ИМЯ ЛИЦА - АЛЬТЕРНАТИВНАЯ ОТВЕТСТВЕННОСТЬ
Графика поля Кириллица
Материалы, к которым относится поле rus
Начальный элемент ввода Фролов
Часть имени, кроме начального элемента ввода К. В.
Дополнения к именам, кроме дат д-р техн. наук
Даты 1932-2007
Расширение инициалов личного имени Константин Васильевич
Системный номер авторитетной/нормативной записи 12091
Идентификатор авторитетной/нормативной записи RU\NLR\AUTH\7729062
942 ## - ДОПОЛНИТЕЛЬНЫЕ ЭЛЕМЕНТЫ ЗАПИСИ (АБИС)
Тип экземпляра АБИС Книга
980 ## - КОЛЛЕКЦИЯ
Название коллекции НБР

Нет доступных экземпляров.